000 02230cam a2200421 i 4500
001 EDZ0000988989
003 StDuBDS
005 20161031105257.0
006 m||||||||d||||||||
007 cr |||||||||||
008 141203s2015 caua fob 001|0|eng|d
020 _a9781483346373 (ebook) :
_cNo price
040 _aStDuBDS
_beng
_cStDuBDS
_erda
_epn
049 _aAlfaisal Main Library
050 4 _aE185
082 0 4 _a305.89607303
_223
245 0 4 _aThe SAGE encyclopedia of African cultural heritage in North America /
_cMwalimu J. Shujaa & Kenya J. Shujaa.
246 3 0 _aEncyclopedia of African cultural heritage in North America
246 3 0 _aAfrican cultural heritage in North America
264 1 _aThousand Oaks, California :
_bSAGE Publications,
_c2015.
300 _a1 online resource :
_billustrations (black and white)
336 _atext
_2rdacontent
336 _astill image
_2rdacontent
337 _acomputer
_2rdamedia
338 _aonline resource
_2rdacarrier
504 _aIncludes bibliographical references and index.
520 8 _aOur conceptual framework holds, first, that culture is a form of self-knowledge and knowledge about self in the world as transmitted from one person to another. Second, that African people continuously create their own cultural history. Third, that African descended people living outside of Africa are also contributors to and participate in the creation of African cultural history. This encyclopedia's entries deal with both traditions traceable to an African origin and ongoing practices and processes through which African culture continues to be created and formed.
521 _aSpecialized.
588 _aDescription based on online resource; title from home page (viewed on November 12, 2015).
650 0 _aAfrican Americans
_xSocial life and customs
_vEncyclopedias.
655 7 _aElectronic books.
_2local
700 1 _aShujaa, Mwalimu J.,
_eeditor.
700 1 _aShujaa, Kenya J.,
_eeditor.
710 2 _aSage eBooks
776 0 8 _iPrint version :
_z9781452258218
856 4 0 _uhttp://ezproxy.alfaisal.edu/login?url=http://sk.sagepub.com/reference/the-sage-encyclopedia-of-african-cultural-heritage-in-north-america
942 _2lcc
_cEBOOKS
999 _c483287
_d483287